| 000 | 00941cam a2200289 a 4500 | ||
|---|---|---|---|
| 008 | |||
| 020 | _a020154413X (hbk.) | ||
| 049 | _aMAIN | ||
| 090 |
_aTK5102 _bIFE |
||
| 100 | 1 | _aIfeachor, Emmanuel C. | |
| 245 | 1 | 0 |
_aDigital signal processing : _ba practical approach / _cEmmanuel C. Ifeachor, Barrie W. Jervis. |
| 260 |
_aWokingham : _bAddison-Wesley, _c1993 |
||
| 300 |
_axxiii, 760 p. : _bill. ; _c25 cm. |
||
| 440 | 0 | _aElectronic systems engineering series | |
| 500 | _aIncludes index. | ||
| 504 | _aIncludes bibliographical references. | ||
| 650 | 0 |
_aSignal processing _xDigital techniques. |
|
| 650 | 0 | _aDigital filters (Mathematics) | |
| 650 | 0 | _aAdaptive signal processing. | |
| 650 | 0 |
_aSignals _xProcessing |
|
| 700 | 1 | _aJervis, Barrie W. | |
| 907 |
_a.b10026824 _b28-07-16 _c17-04-03 |
||
| 003 | |||
| 005 | 20230123134039.0 | ||
| 040 | _cNUST | ||
| 942 |
_cBOOKS _kTK5102 _mIFE |
||
| 999 |
_c159095 _d159095 |
||